Hướng dẫn quy trình kỹ thuật khám bệnh, chữa bệnh chuyên ngành Huyết học - Truyền máu miễn dịch - Di truyền - Sinh học phân tử : Ban hành kèm theo Quyết định số 2017/QĐ-BYT ngày 09 tháng 6 năm 2014 của Bộ trưởng Bộ Y tế

Hướng dẫn quy trình kỹ thuật trong khám bệnh, chữa bệnh là tài liệu hướng dẫn chuyên môn kỹ thuật, là cơ sở pháp lý để thực hiện tại các cơ sở khám bệnh, chữa bệnh trong toàn quốc được phép thực hiện kỹ thuật đã được cấp có t...

Descripció completa

Guardat en:
Dades bibliogràfiques
Autor principal: Nguyễn Anh Trí (Chủ biên)
Autor corporatiu: Bộ Y tế
Format: Llibre
Idioma:Vietnamese
Publicat: H. Y học 2015
Edició:Tái bản lần thứ 1
Matèries:
Etiquetes: Afegir etiqueta
Sense etiquetes, Sigues el primer a etiquetar aquest registre!
Thư viện lưu trữ: Thư viện Trường Đại học Nam Cần Thơ
LEADER 02229nam a22002537a 4500
001 NCT_42980
008 180616b xxu||||| |||| 00| 0 vie d
999 |c 2061  |d 2061 
020 |a 9786046614036  |c 150000 
082 0 4 |2 23rd ed.  |a 616.1  |b Tr300 
100 1 |a Nguyễn Anh Trí  |e Chủ biên 
245 1 0 |a Hướng dẫn quy trình kỹ thuật khám bệnh, chữa bệnh chuyên ngành Huyết học - Truyền máu miễn dịch - Di truyền - Sinh học phân tử :  |b Ban hành kèm theo Quyết định số 2017/QĐ-BYT ngày 09 tháng 6 năm 2014 của Bộ trưởng Bộ Y tế  |c Nguyễn Anh Trí (chủ biên) 
250 |a Tái bản lần thứ 1 
260 |a H.  |b Y học  |c 2015 
300 |a 415 tr.  |b minh họa  |c 27cm 
520 3 |a Hướng dẫn quy trình kỹ thuật trong khám bệnh, chữa bệnh là tài liệu hướng dẫn chuyên môn kỹ thuật, là cơ sở pháp lý để thực hiện tại các cơ sở khám bệnh, chữa bệnh trong toàn quốc được phép thực hiện kỹ thuật đã được cấp có thẩm quyền phê duyệt theo quy định của Luật Khám bệnh, chữa bệnh đồng thời cũng là cơ sở để xây dựng giá dịch vụ kỹ thuật, phân loại phẫu thuật, thủ thuật và những nội dung liên quan khác. 
653 |a Y đa khoa 
710 2 |a Bộ Y tế 
942 |2 ddc  |c BK 
952 |0 0  |1 0  |2 ddc  |4 0  |6 616_100000000000000_TR300  |7 0  |9 11116  |a 000001  |b 000001  |d 2018-06-16  |o 616.1 Tr300  |p MD.12259  |r 2018-06-16  |w 2018-06-16  |y BK 
952 |0 0  |1 0  |2 ddc  |4 0  |6 616_100000000000000_TR300  |7 0  |9 11117  |a 000001  |b 000001  |d 2018-06-16  |o 616.1 Tr300  |p MD.12260  |r 2018-06-16  |w 2018-06-16  |y BK 
952 |0 0  |1 0  |2 ddc  |4 0  |6 616_100000000000000_TR300  |7 0  |9 12634  |a 000001  |b 000001  |d 2018-07-12  |o 616.1 Tr300  |p MD.12694  |r 2018-07-12  |v 150000.00  |w 2018-07-12  |y BK 
952 |0 0  |1 0  |2 ddc  |4 0  |6 616_100000000000000_TR300  |7 0  |9 12635  |a 000001  |b 000001  |d 2018-07-12  |l 1  |o 616.1 Tr300  |p MD.12695  |r 2020-09-22  |s 2020-09-08  |v 150000.00  |w 2018-07-12  |y BK 
980 |a Thư viện Trường Đại học Nam Cần Thơ